<?xml version="1.0" encoding="UTF-8"?>
<record
    xmlns:xsi="http://www.w3.org/2001/XMLSchema-instance"
    xsi:schemaLocation="http://www.loc.gov/MARC21/slim http://www.loc.gov/standards/marcxml/schema/MARC21slim.xsd"
    xmlns="http://www.loc.gov/MARC21/slim">

  <leader>05051namaa22004451i 4500</leader>
  <controlfield tag="003">EG-GICUC</controlfield>
  <controlfield tag="005">20260510134205.0</controlfield>
  <controlfield tag="008">260510s2025    ua a|||frm||| 000 0 eng d</controlfield>
  <datafield tag="040" ind1=" " ind2=" ">
    <subfield code="a">EG-GICUC</subfield>
    <subfield code="b">eng</subfield>
    <subfield code="c">EG-GICUC</subfield>
    <subfield code="d">EG-GICUC</subfield>
    <subfield code="e">rda</subfield>
  </datafield>
  <datafield tag="041" ind1="0" ind2=" ">
    <subfield code="a">eng</subfield>
    <subfield code="b">eng</subfield>
    <subfield code="b">ara</subfield>
  </datafield>
  <datafield tag="049" ind1=" " ind2=" ">
    <subfield code="a">Deposit</subfield>
  </datafield>
  <datafield tag="082" ind1="0" ind2="4">
    <subfield code="a">&#x202A;621.815</subfield>
  </datafield>
  <datafield tag="092" ind1=" " ind2=" ">
    <subfield code="a">&#x202A;621.815</subfield>
    <subfield code="2">21</subfield>
  </datafield>
  <datafield tag="097" ind1=" " ind2=" ">
    <subfield code="a">M.Sc</subfield>
  </datafield>
  <datafield tag="099" ind1=" " ind2=" ">
    <subfield code="a">Cai01.13.13.M.Sc.2025.Ab.A</subfield>
  </datafield>
  <datafield tag="100" ind1="0" ind2=" ">
    <subfield code="a">Abdellattief Adel Abdellattief Mohamed, </subfield>
    <subfield code="e">preparation.</subfield>
  </datafield>
  <datafield tag="245" ind1="1" ind2="0">
    <subfield code="a">Additive manufacturing of polylactic acid (PLA) cellular scaffolds for bone tissue engineering applications /</subfield>
    <subfield code="c">by Abdellattief Adel Abdellattief Mohamed ; Supervisors Prof. Mahmoud A. Adly, Prof. Reham Reda Abbas, Prof. Abdallah Abdelfattah Mohamed. </subfield>
  </datafield>
  <datafield tag="246" ind1="1" ind2="5">
    <subfield code="a">&#x627;&#x644;&#x62A;&#x635;&#x646;&#x64A;&#x639; &#x628;&#x627;&#x644;&#x625;&#x636;&#x627;&#x641;&#x629; &#x644;&#x644;&#x647;&#x64A;&#x627;&#x643;&#x644; &#x627;&#x644;&#x62E;&#x644;&#x648;&#x64A;&#x629; &#x627;&#x644;&#x645;&#x635;&#x646;&#x648;&#x639;&#x629; &#x645;&#x646; &#x62D;&#x645;&#x636; &#x627;&#x644;&#x628;&#x648;&#x644;&#x64A; &#x644;&#x627;&#x643;&#x62A;&#x64A;&#x643;  &#x644;&#x62A;&#x637;&#x628;&#x64A;&#x642;&#x627;&#x62A; &#x647;&#x646;&#x62F;&#x633;&#x629; &#x623;&#x646;&#x633;&#x62C;&#x629; &#x627;&#x644;&#x639;&#x638;&#x627;&#x645;</subfield>
  </datafield>
  <datafield tag="264" ind1=" " ind2="0">
    <subfield code="c">2025.</subfield>
  </datafield>
  <datafield tag="300" ind1=" " ind2=" ">
    <subfield code="a">56 pages : </subfield>
    <subfield code="b">illustrations ;</subfield>
    <subfield code="c">30 cm. + </subfield>
    <subfield code="e">CD.</subfield>
  </datafield>
  <datafield tag="336" ind1=" " ind2=" ">
    <subfield code="a">text</subfield>
    <subfield code="2">rda content</subfield>
  </datafield>
  <datafield tag="337" ind1=" " ind2=" ">
    <subfield code="a">Unmediated</subfield>
    <subfield code="2">rdamedia</subfield>
  </datafield>
  <datafield tag="338" ind1=" " ind2=" ">
    <subfield code="a">volume</subfield>
    <subfield code="2">rdacarrier</subfield>
  </datafield>
  <datafield tag="502" ind1=" " ind2=" ">
    <subfield code="a">Thesis (Ph.D)-Cairo University, 2025.</subfield>
  </datafield>
  <datafield tag="504" ind1=" " ind2=" ">
    <subfield code="a">Bibliography: pages 47-51.</subfield>
  </datafield>
  <datafield tag="520" ind1=" " ind2="3">
    <subfield code="a">Cellular materials are widely used in medical applications. The structure of cellular 
materials influences the scaffold&#x2019;s performance in these applications. This work 
studied the effect of unit cell type and unit cell size on additively manufactured cellular 
materials' performance for bone tissue engineering applications. 
The thesis consists of four chapters. After the introduction in Chapter 1, Chapter 2 
reviews the additive manufacturing technique, biomaterials, and scaffolds, and how 
they are utilized in tissue engineering applications. Chapter 3 introduces the 
experimental work on additively manufactured scaffolds, the characterization 
methods, and parameters to answer the research question: (What is the effect of unit 
cell type and unit cell size on the performance of additively manufactured PLA cellular 
scaffolds via fused filament fabrication method for bone tissue engineering 
applications?). The results discussed in Chapter 4 reveal that unit cell type and size 
influence scaffold properties, showing a preference for gyroid structures. Chapter 5 
provides conclusions and recommendations based on the provided results and 
discussions. </subfield>
  </datafield>
  <datafield tag="520" ind1=" " ind2="3">
    <subfield code="a">&#x62A;&#x64F;&#x633;&#x62A;&#x62E;&#x62F;&#x645; &#x627;&#x644;&#x645;&#x648;&#x627;&#x62F; &#x627;&#x644;&#x62E;&#x644;&#x648;&#x64A;&#x629; &#x639;&#x644;&#x649; &#x646;&#x637;&#x627;&#x642; &#x648;&#x627;&#x633;&#x639; &#x641;&#x64A; &#x627;&#x644;&#x62A;&#x637;&#x628;&#x64A;&#x642;&#x627;&#x62A; &#x627;&#x644;&#x637;&#x628;&#x64A;&#x629;. &#x647;&#x64A;&#x643;&#x644; &#x627;&#x644;&#x645;&#x648;&#x627;&#x62F; &#x627;&#x644;&#x62E;&#x644;&#x648;&#x64A;&#x629; &#x64A;&#x624;&#x62B;&#x631; &#x639;&#x644;&#x649; &#x623;&#x62F;&#x627;&#x621; &#x627;&#x644;&#x62F;&#x639;&#x627;&#x645;&#x629; &#x641;&#x64A; &#x647;&#x630;&#x647; &#x627;&#x644;&#x62A;&#x637;&#x628;&#x64A;&#x642;&#x627;&#x62A;. &#x62F;&#x631;&#x633;&#x62A; &#x647;&#x630;&#x647; &#x627;&#x644;&#x62F;&#x631;&#x627;&#x633;&#x629; &#x62A;&#x623;&#x62B;&#x64A;&#x631; &#x646;&#x648;&#x639; &#x648;&#x62D;&#x62F;&#x629; &#x628;&#x646;&#x627;&#x621; &#x627;&#x644;&#x647;&#x64A;&#x643;&#x644; &#x627;&#x644;&#x62E;&#x644;&#x648;&#x64A; &#x648;&#x62D;&#x62C;&#x645; &#x627;&#x644;&#x62E;&#x644;&#x64A;&#x629; &#x627;&#x644;&#x648;&#x627;&#x62D;&#x62F;&#x629; &#x639;&#x644;&#x649; &#x623;&#x62F;&#x627;&#x621; &#x627;&#x644;&#x645;&#x648;&#x627;&#x62F; &#x627;&#x644;&#x62E;&#x644;&#x648;&#x64A;&#x629; &#x627;&#x644;&#x645;&#x635;&#x646;&#x639;&#x629; &#x628;&#x627;&#x644;&#x625;&#x636;&#x627;&#x641;&#x629; &#x641;&#x64A; &#x62A;&#x637;&#x628;&#x64A;&#x642;&#x627;&#x62A; &#x647;&#x646;&#x62F;&#x633;&#x629; &#x627;&#x644;&#x623;&#x646;&#x633;&#x62C;&#x629; &#x627;&#x644;&#x639;&#x638;&#x645;&#x64A;&#x629;. 
&#x62A;&#x62A;&#x643;&#x648;&#x646; &#x647;&#x630;&#x647; &#x627;&#x644;&#x623;&#x637;&#x631;&#x648;&#x62D;&#x629; &#x645;&#x646; &#x62E;&#x645;&#x633;&#x629; &#x641;&#x635;&#x648;&#x644;. &#x628;&#x639;&#x62F; &#x627;&#x644;&#x645;&#x642;&#x62F;&#x645;&#x629; &#x641;&#x64A; &#x627;&#x644;&#x641;&#x635;&#x644; &#x627;&#x644;&#x623;&#x648;&#x644;&#x60C; &#x64A;&#x633;&#x62A;&#x639;&#x631;&#x636; &#x627;&#x644;&#x641;&#x635;&#x644; &#x627;&#x644;&#x62B;&#x627;&#x646;&#x64A; &#x62A;&#x642;&#x646;&#x64A;&#x629; &#x627;&#x644;&#x62A;&#x635;&#x646;&#x64A;&#x639; &#x628;&#x627;&#x644;&#x625;&#x636;&#x627;&#x641;&#x629;&#x60C; &#x648;&#x627;&#x644;&#x645;&#x648;&#x627;&#x62F; &#x627;&#x644;&#x62D;&#x64A;&#x648;&#x64A;&#x629;&#x60C; &#x648;&#x627;&#x644;&#x647;&#x64A;&#x627;&#x643;&#x644; &#x627;&#x644;&#x645;&#x633;&#x627;&#x645;&#x64A;&#x629;  &#x648;&#x643;&#x64A;&#x641;&#x64A;&#x629; &#x62A;&#x648;&#x638;&#x64A;&#x641;&#x647;&#x645; &#x641;&#x64A; &#x62A;&#x637;&#x628;&#x64A;&#x642;&#x627;&#x62A; &#x647;&#x646;&#x62F;&#x633;&#x629; &#x627;&#x644;&#x623;&#x646;&#x633;&#x62C;&#x629;. &#x64A;&#x642;&#x62F;&#x645; &#x627;&#x644;&#x641;&#x635;&#x644; &#x627;&#x644;&#x62B;&#x627;&#x644;&#x62B; &#x627;&#x644;&#x639;&#x645;&#x644; &#x627;&#x644;&#x62A;&#x62C;&#x631;&#x64A;&#x628;&#x64A; &#x639;&#x644;&#x649; &#x627;&#x644;&#x647;&#x64A;&#x627;&#x643;&#x644; &#x627;&#x644;&#x645;&#x633;&#x627;&#x645;&#x64A;&#x629; &#x627;&#x644;&#x645;&#x635;&#x646;&#x639;&#x629; &#x628;&#x627;&#x644;&#x625;&#x636;&#x627;&#x641;&#x629;&#x60C; &#x648;&#x637;&#x631;&#x642; &#x648;&#x62E;&#x635;&#x627;&#x626;&#x635; &#x627;&#x644;&#x62A;&#x648;&#x635;&#x64A;&#x641; &#x628;&#x647;&#x62F;&#x641; &#x627;&#x644;&#x625;&#x62C;&#x627;&#x628;&#x629; &#x639;&#x646; &#x633;&#x624;&#x627;&#x644; &#x627;&#x644;&#x628;&#x62D;&#x62B;: &#x645;&#x627; &#x647;&#x648; &#x62A;&#x623;&#x62B;&#x64A;&#x631; &#x646;&#x648;&#x639; &#x627;&#x644;&#x62E;&#x644;&#x64A;&#x629; &#x627;&#x644;&#x628;&#x646;&#x627;&#x626;&#x64A;&#x629; &#x648;&#x62D;&#x62C;&#x645;&#x647;&#x627; &#x639;&#x644;&#x649; &#x623;&#x62F;&#x627;&#x621; &#x627;&#x644;&#x647;&#x64A;&#x627;&#x643;&#x644; &#x627;&#x644;&#x645;&#x633;&#x627;&#x645;&#x64A;&#x629; &#x627;&#x644;&#x645;&#x635;&#x646;&#x648;&#x639;&#x629; &#x645;&#x646; &#x62D;&#x645;&#x636; &#x627;&#x644;&#x628;&#x648;&#x644;&#x64A; &#x644;&#x627;&#x643;&#x62A;&#x64A;&#x643; &#x628;&#x637;&#x631;&#x64A;&#x642;&#x629; &#x627;&#x644;&#x62A;&#x634;&#x643;&#x64A;&#x644; &#x628;&#x627;&#x644;&#x62E;&#x64A;&#x648;&#x637; &#x627;&#x644;&#x645;&#x646;&#x635;&#x647;&#x631;&#x629;.&#x644;&#x62A;&#x637;&#x628;&#x64A;&#x642;&#x627;&#x62A; &#x647;&#x646;&#x62F;&#x633;&#x629; &#x627;&#x644;&#x639;&#x638;&#x627;&#x645;&#x61F;. &#x62A;&#x643;&#x634;&#x641; &#x627;&#x644;&#x646;&#x62A;&#x627;&#x626;&#x62C; &#x627;&#x644;&#x62A;&#x64A; &#x646;&#x648;&#x642;&#x634;&#x62A; &#x641;&#x64A; &#x627;&#x644;&#x641;&#x635;&#x644; &#x627;&#x644;&#x631;&#x627;&#x628;&#x639; &#x623;&#x646; &#x646;&#x648;&#x639; &#x627;&#x644;&#x62E;&#x644;&#x64A;&#x629; &#x627;&#x644;&#x648;&#x627;&#x62D;&#x62F;&#x629; &#x648;&#x62D;&#x62C;&#x645;&#x647;&#x627; &#x64A;&#x624;&#x62B;&#x631;&#x627;&#x646; &#x639;&#x644;&#x649; &#x62E;&#x635;&#x627;&#x626;&#x635; &#x627;&#x644;&#x647;&#x64A;&#x627;&#x643;&#x644; &#x627;&#x644;&#x645;&#x633;&#x627;&#x645;&#x64A;&#x629;&#x60C; &#x645;&#x639; &#x625;&#x638;&#x647;&#x627;&#x631; &#x62A;&#x641;&#x636;&#x64A;&#x644; &#x644;&#x644;&#x62E;&#x644;&#x64A;&#x629; &#x645;&#x646; &#x646;&#x648;&#x639; &#x627;&#x644;&#x62C;&#x627;&#x64A;&#x631;&#x648;&#x64A;&#x62F;. &#x623;&#x645;&#x627; &#x627;&#x644;&#x641;&#x635;&#x644; &#x627;&#x644;&#x62E;&#x627;&#x645;&#x633; &#x641;&#x64A;&#x642;&#x62F;&#x645; &#x627;&#x644;&#x627;&#x633;&#x62A;&#x646;&#x62A;&#x627;&#x62C;&#x627;&#x62A; &#x648;&#x627;&#x644;&#x62A;&#x648;&#x635;&#x64A;&#x627;&#x62A; &#x628;&#x646;&#x627;&#x621;&#x64B; &#x639;&#x644;&#x649; &#x627;&#x644;&#x646;&#x62A;&#x627;&#x626;&#x62C; &#x648;&#x627;&#x644;&#x645;&#x646;&#x627;&#x642;&#x634;&#x627;&#x62A; &#x627;&#x644;&#x645;&#x637;&#x631;&#x648;&#x62D;&#x629;.</subfield>
  </datafield>
  <datafield tag="530" ind1=" " ind2=" ">
    <subfield code="a">Issues also as CD.</subfield>
  </datafield>
  <datafield tag="546" ind1=" " ind2=" ">
    <subfield code="a">Text in English and abstract in Arabic &amp; English.</subfield>
  </datafield>
  <datafield tag="650" ind1=" " ind2="0">
    <subfield code="a">&#x202A;Machine design</subfield>
  </datafield>
  <datafield tag="650" ind1=" " ind2="0">
    <subfield code="a">&#x647;&#x646;&#x62F;&#x633;&#x629; &#x627;&#x644;&#x62A;&#x635;&#x645;&#x64A;&#x645; &#x627;&#x644;&#x645;&#x64A;&#x643;&#x627;&#x646;&#x64A;&#x643;&#x64A; </subfield>
  </datafield>
  <datafield tag="653" ind1=" " ind2="1">
    <subfield code="a">Additive manufacturing (AM)</subfield>
    <subfield code="a">Fused filament fabrication (FFF)</subfield>
    <subfield code="a">Polylactic acid  (PLA)</subfield>
    <subfield code="a">Bone scaffolds</subfield>
    <subfield code="a">Cellular lattice material </subfield>
    <subfield code="a">&#x627;&#x644;&#x62A;&#x635;&#x646;&#x64A;&#x639; &#x628;&#x627;&#x644;&#x627;&#x636;&#x627;&#x641;&#x629;&#x60C;</subfield>
    <subfield code="a">&#x627;&#x644;&#x646;&#x645;&#x630;&#x62C;&#x629; &#x628;&#x627;&#x644;&#x62A;&#x631;&#x633;&#x64A;&#x628; &#x627;&#x644;&#x645;&#x646;&#x635;&#x647;&#x631;</subfield>
  </datafield>
  <datafield tag="700" ind1="0" ind2=" ">
    <subfield code="a">Mahmoud A. Adly</subfield>
    <subfield code="e">thesis advisor.</subfield>
  </datafield>
  <datafield tag="700" ind1="0" ind2=" ">
    <subfield code="a"> Reham Reda Abbas</subfield>
    <subfield code="e">thesis advisor.</subfield>
  </datafield>
  <datafield tag="700" ind1="0" ind2=" ">
    <subfield code="a">Abdallah Abdelfattah Mohamed</subfield>
    <subfield code="e">thesis advisor.</subfield>
  </datafield>
  <datafield tag="900" ind1=" " ind2=" ">
    <subfield code="b">01-01-2025.</subfield>
    <subfield code="c">Mahmoud A. Adly</subfield>
    <subfield code="c">Reham Reda Abbas</subfield>
    <subfield code="c">Abdallah Abdelfattah Mohamed</subfield>
    <subfield code="U">Cairo University</subfield>
    <subfield code="F">Faculty of Engineering </subfield>
    <subfield code="D">Department of Mechanical Design and Production Engineering </subfield>
  </datafield>
  <datafield tag="905" ind1=" " ind2=" ">
    <subfield code="a">Shimaa</subfield>
  </datafield>
  <datafield tag="942" ind1=" " ind2=" ">
    <subfield code="2">ddc</subfield>
    <subfield code="c">TH</subfield>
    <subfield code="e">21</subfield>
    <subfield code="n">0</subfield>
  </datafield>
  <datafield tag="999" ind1=" " ind2=" ">
    <subfield code="c">180077</subfield>
  </datafield>
  <datafield tag="952" ind1=" " ind2=" ">
    <subfield code="2">ddc</subfield>
    <subfield code="9">317954</subfield>
    <subfield code="a">CUCL</subfield>
    <subfield code="b">cl210</subfield>
    <subfield code="d">2026-05-10</subfield>
    <subfield code="i">93997</subfield>
    <subfield code="o">Cai01.13.13.M.Sc.2025.Ab.A</subfield>
    <subfield code="p">01010110093997000</subfield>
    <subfield code="r">2026-05-10 12:42:25</subfield>
    <subfield code="w">2026-05-10</subfield>
    <subfield code="y">TH</subfield>
  </datafield>
</record>
